| 000 | 00674nam a2200181 a 4500 | ||
|---|---|---|---|
| 001 | BRCA_1596 | ||
| 005 | 20190320203458.0 | ||
| 008 | 121205s2003----mx-a---###---#000-0#spa-d | ||
| 020 | _a9685789088 | ||
| 050 | 4 |
_aND259.G6 _b.F38 2003 |
|
| 100 | 1 |
_aFava, Lourdes _95047 |
|
| 245 | 1 | 0 |
_aFrancisco Goitia _csupervisión, corrección y texto Lourdes Fava. |
| 260 |
_aMéxico _bCONACULTA : ISSSTEZAC : Museo Francisco Goitia ; Instituto Zacatenco de Cultura ´Ramón López Velarde´ _c2003 |
||
| 300 |
_a41 p. _bil. (algunas a color) _c33 cm. |
||
| 600 | 1 | 4 |
_aGoitia, Francisco _d1882-1960 _vCatálogos _95048 |
| 650 | 1 | 4 |
_aPintores _vBiografía _ySiglos XIX y XX _95049 |
| 942 |
_2lcc _cB |
||
| 999 |
_c1417 _d1417 |
||